LEADER 01038nam a2200217 i 4500 001 000000076278 003 CaOOAMICUS 005 20071106000000.0 008 071106s1940 it u000 u ita u 013 $a47450 040 $aSeMil$bita 100 1 $aBeretta, Guglielmo.$0(OLS)http://semarc/name/37587 245 12$aL'opera e il pensiero di Fra Sabba Castiglioni :$bpagine di letteratura gerosolimitana (Secolo 16.) /$cGuglielmo Beretta. 260 $aMilano :$bScuola Tipografica Artigianelli,$c1940. 300 $a108 p., [7] p. di tav. ;$c30 cm. 500 $aContiene : Bibliografia. 600 04$aSabba : da Castiglione .$0(OLS)http://semarc/subject/15494 850 $aSeMil 852 $aSeMil$W1$xVenegono$y1$m1I VI 1$j42430$B42430$CSeMilBibl$Z2$F42434 $81 996 $6245$aL'opera e il pensiero di Fra Sabba Castiglioni :$bpagine di letteratura gerosolimitana (Secolo 16.)$9(OLS)http://semarc/title/123621 996 $6260$aMilano :$bScuola Tipografica Artigianelli$9(OLS)http://semarc/publisher/37440 LEADER 01222nam a2200253 i 4500 001 000000120167 003 CaOOAMICUS 005 20031113000000.0 008 031113s1996 it u000 u ita u 013 $a92861 040 $aSeMil$bita 100 1 $aStella, Paolino.$0(OLS)http://semarc/name/23887 245 10$aMons. Giovanni Bargiggia :$bvescovo di Caltagirone (1927-1937) : biografia e lettere pastorali /$cPaolino Stella. 260 $aCaltagirone :$bBanco Ambrosiano Veneto,$cstampa 1996. 300 $a352 p. :$bill. ;$c24 cm. 500 $aFondo Card. C.M. Martini. 600 14$aBargiggia, Giovanni .$0(OLS)http://semarc/subject/22609 650 4$aBargiggia, Giovanni - Scritti, discorsi, omelie, lettere pastorali, etc.$0(OLS)http://semarc/subject/22610 850 $aSeMil 852 $aSeMil$W1$xVenegono$y1$m2F III 53$j75371$B75371$CSeMilBibl$Z2$F84127 $81 941 1 $a4 961 $aOmaggio: Martini Card. Carlo Maria 996 $6245$aMons. Giovanni Bargiggia :$bvescovo di Caltagirone (1927-1937) : biografia e lettere pastorali$9(OLS)http://semarc/title/176806 996 $6260$aCaltagirone :$bBanco Ambrosiano Veneto$9(OLS)http://semarc/publisher/45972